000 00665nam a2200217 i 4500
001 10561
003 ES-MaACL
005 20250823063027.0
007 t|
008 950825s1957 sp f |||| | spa d
080 _a914.673.3
100 1 _aMaciá Serrano, Antonio,
_d1910-1985
_975209
245 1 0 _aAlicante /
_cpor Antonio Macia Serrano.
260 _aMadrid :
_bPublicaciones Españolas,
_c1957.
300 _a29 p., [4] p. de lám. ;
_c24 cm.
490 1 _aTemas españoles ;
_v291
651 4 _aAlicante-
_xDescripción.
_9163167
830 0 _aTemas españoles ;
_v291
_9178712
852 _aES-MaACL
_jL-17828
999 _c10561
_d10561